Miasta we Włoszech - nagła śmierć - Statystyki

Ogólne statystyki
  • Ten quiz został rozwiązany 432 razy
    291 od ostatniego zresetowania
  • Średni wynik to 18 z 24
Answers on the Grid
Answers color-coded by a green-red scale on the quiz's grid according to % correct below.
Amalfi
Bari
Barranquilla
Bolonia
Cagliari
Cincinnati
Florencja
Genua
Kurytyba
Manila
Mediolan
Mekka
Mesyna
Modena
Neapol
Odessa
Padwa
Palermo
Parma
Perugia
Piza
Rawenna
Ryga
Rzym
Salerno
Sausalito
Siena
Soczi
Syrakuzy
Trydent
Trypolis
Turyn
Walencja
Wenecja
Werona
 
Statystyki odpowiedzi
Odpowiedź % Poprawnych
Bolonia
93%
Rzym
93%
Florencja
92%
Neapol
92%
Mediolan
90%
Piza
90%
Palermo
89%
Turyn
87%
Bari
85%
Parma
85%
Wenecja
84%
Werona
82%
Cagliari
81%
Genua
81%
Perugia
78%
Padwa
73%
Modena
72%
Salerno
69%
Siena
62%
Trydent
53%
Rawenna
52%
Syrakuzy
45%
Amalfi
42%
Mesyna
42%
Nie znaleziono quizów pasujących do podanych kryteriów
Rozkład punktacji
Procent ludzi z każdym wynikiem
Percentyl według liczby udzielonych odpowiedzi
Twoja historia wyników
Nie rozwiązałeś tego quizu od ostatniego zresetowania